HITS der frühen 2000er in Deutschland - Statistiken

Allgemein
  • Dieses Quiz wurde 125 mal gespielt
  • Das Durchschnittsergebnis liegt bei 7 aus 18
Answers on the Grid
Answers color-coded by a green-red scale on the quiz's grid according to % correct below.
Leb!
Follow me
Großer Bruder
Junge
Breathe
Who let the dogs out?
Summer Jam
Dragostea din Tei
Blue
Police men
New life
Gegenwind
Yeah
Blumenstrauß
Chasing cars
It wasn't me
Behind the moon
Jenny from the block
Wasserzeichen
Incomplete
Smells like teen spirit
I'm just more
Look in the Mirror
Tearin up my heart
Tanga Tanga
Eisiger Kuss
In the end
In the shadows
Behind blue eyes
Darkness
 
Antwortstatistiken
Antwort % Korrekt
Dragostea din Tei
70%
Who let the dogs out?
60%
Junge
58%
Summer Jam
52%
Jenny from the block
51%
Großer Bruder
49%
Yeah
48%
It wasn't me
45%
Chasing cars
43%
Behind blue eyes
38%
In the end
38%
Blue
34%
In the shadows
32%
Follow me
28%
Leb!
25%
Incomplete
22%
I'm just more
15%
Breathe
14%
Keine übereinstimmenden Quizze gefunden
Verteilung der Resultate
Anzahl Personen mit jedem Resultat
Perzentil nach korrekt beantworteten Fragen
Ihre Resultats-Entwicklung
Sie haben dieses Quiz noch nicht gespielt